000 00813cab a2200241 4500
001 X2412
008 090401t1995 xxu||||| |||| 00| 0 eng d
035 _a(Sirsi) u24056
041 _aeng
245 _aMaidstone BC v SoS Environment and Kent CC
260 _c1995
350 _a0
490 _aNew Property Cases
_v(1995) NPC 121
520 _aCA 7 July 1995. Land Compensation ACt 1961 s21 - application to quash order. NOT TO BE PHOTOCOPIED.
650 _aALLOTMENT GARDEN
650 _aLOSS
650 _aMATERIAL CONSIDERATIONS
650 _aPUBLIC OPEN SPACE
650 _aPROPERTY-INFRASTRUCTURE-TRANSPORT INFRASTRUCTURE-ROAD INFRASTRUCTURE
690 _aENVIRONMENTAL AND LAND CONSULTANCY-PLANNING AND DEVELOPMENT-COMPULSORY PURCHASE AND COMPENSATION
942 _n0
948 _c04/03/1997
999 _c16111
_d16111